| 000 | 00856nac a22002171u 4500 | ||
|---|---|---|---|
| 082 |
_a603 _bDES |
||
| 090 |
_c6247 _d6247 |
||
| 100 | _aEl Desouki, Hamdi Yasi | ||
| 245 |
_aTechnical dictionary. plastics technology: _bEnglish-French-German-Arabic/ _cCompiled and defined by Hamdi Yasin El-Desouki; Revised and edited by Anwar Mahmoud Abd-el-Wahed |
||
| 260 |
_aLeipzig; Cairo: _bAl-Ahram,1980 _c1980 |
||
| 300 |
_a114,217p.: _bill.; _c23 cm. |
||
| 440 | _aal-maajim al Technolozhiya Al Takhasusiyah | ||
| 500 | _adistributer: Al-Ahram | ||
| 511 | _acatalogued by: wessam | ||
| 650 |
_aPlastics _x Dictionaries |
||
| 650 |
_aTechnology _vDictionaries Arabic |
||
| 650 |
_aTechnology _vDictionaries German |
||
| 650 |
_aTechnology _vDictionaries French |
||
| 700 | _aAbd-El-Wahed, Anwar Mahmoud | ||
| 942 |
_cNB _k603DES |
||
| 999 |
_c6247 _d6247 |
||